Libro rojo de plantas de Colombia : (Registro nro. 8566)
[ vista simple ]
| 000 -CABECERA | |
|---|---|
| Campo de control | 01070nam a22002537a 4500 |
| 005 - FECHA Y HORA DE LA ULTIMA TRANSACCION | |
| Campo de control | 20171111020002.0 |
| 008 - ELEMENTOS DE LONGITUD FIJA—INFORMACION GENERAL | |
| Campo de control | 100103s2007 ck ab gr 00110 spa d |
| 020 ## - ISBN | |
| ISBN | 9789588343136 |
| 041 ## - IDIOMA | |
| Código de idioma para texto/pista de sonido o título separado | Español |
| 044 ## - PAÍS DE PUBLICACIÓN | |
| País de publicación | Colombia |
| 082 04 - NUMERO DE CLASIFICACION DECIMAL DEWEY | |
| Número de clasificación | 583.0986 |
| Número del ítem | L69l |
| 245 00 - MENCION DE TITULO | |
| Título | Libro rojo de plantas de Colombia : |
| Parte restante del título | Vol. 5 : las magnoliáceas, las miristicáceas y las podocarpáceas / |
| Mención de responsabilidad | editado por Néstor García |
| 260 3# - PUBLICACION, DISTRIBUCION, ETC. (PIE DE IMPRENTA) | |
| Lugar de publicación, distribución, etc. | Bogotá |
| Nombre del editor, distribuidor, etc. | Instituto de Investigación de Recursos Biológicos Alexander Von Humboldt : |
| -- | Jardin Botanico de Medellín : |
| -- | Corantioquia, |
| Fecha de publicación, distribución, etc. | 2007. |
| 300 ## - DESCRIPCION FISICA | |
| Extensión | 236 p. : |
| Otros detalles físicos | il., mapas ; |
| Dimensiones | 22 cm. |
| 490 1# - MENCION DE SERIE | |
| Mención de serie | Libros rojos de especies amenazadas de Colombia |
| Designación numérica/secuencial del volumen | 5 |
| 504 ## - NOTA DE BIBLIOGRAFIA, ETC. | |
| Nota de bibliografía | Incluye bibliografía e indice. |
| 650 #4 - ASIENTO SECUNDARIO DE MATERIA - TERMINO TEMATICO | |
| Término temático o nombre geográfico como elemento de entrada | Especies en peligro |
| Subdivisión geográfica | Colombia. |
| 650 ## - ASIENTO SECUNDARIO DE MATERIA - TERMINO TEMATICO | |
| Término temático o nombre geográfico como elemento de entrada | Magnoliaceas |
| Subdivisión general | Cultivo |
| Subdivisión geográfica | Colombia. |
| 650 ## - ASIENTO SECUNDARIO DE MATERIA - TERMINO TEMATICO | |
| Término temático o nombre geográfico como elemento de entrada | Miristicáceas |
| Subdivisión general | Cultivo |
| Subdivisión geográfica | Colombia.. |
| 650 #4 - ASIENTO SECUNDARIO DE MATERIA - TERMINO TEMATICO | |
| Término temático o nombre geográfico como elemento de entrada | Podocarpáceas |
| Subdivisión general | Cultivo |
| Subdivisión geográfica | Colombia. |
| 650 ## - ASIENTO SECUNDARIO DE MATERIA - TERMINO TEMATICO | |
| Término temático o nombre geográfico como elemento de entrada | Botánica |
| Subdivisión geográfica | Colombia. |
| 700 1# - ASIENTO SECUNDARIO - NOMBRE PERSONAL | |
| Nombre personal | García, Néstor, |
| Término de relación | ed. |
| 942 ## - ELEMENTOS ADICIONALES (KOHA) | |
| Sistema de clasificación | Dewey Decimal Classification |
| Tipo de ítem | Libro |
| Koha issues (borrowed), all copies | 11 |
| Withdrawn status | Lost status | Sistema de Clasificación | Damaged status | No para préstamo | Colección | Inventariado | Ubicación Permanente | Ubicación actual | Fecha de adquisición | Fuente de Valor | Valor | Total Checkouts | Número topográfico | Inventario / Código de Barras | Date last seen | Date checked out | Ejemplar | Price effective from | Forma de adquisición | Tipo de material |
|---|---|---|---|---|---|---|---|---|---|---|---|---|---|---|---|---|---|---|---|---|
| Dewey Decimal Classification | Humboldt | Inventariado 2017 | Bogotá | Bogotá | 30/07/2014 | Instituto | 39000.00 | 4 | IAVH-583.0986 L69l | 025839 | 10/11/2017 | 10/11/2017 | V. 5 Ej. 1 | 30/07/2014 | Institucional | Libro | ||||
| Dewey Decimal Classification | Humboldt | Inventariado 2017 | Bogotá | Bogotá | 30/07/2014 | Instituto | 39000.00 | 4 | IAVH-583.0986 L69l | 025840 | 08/08/2016 | 08/08/2016 | V. 5 Ej. 2 | 30/07/2014 | Institucional | Libro | ||||
| Dewey Decimal Classification | Humboldt | Inventariado 2017 | Bogotá | Bogotá | 30/07/2014 | Instituto | 39000.00 | 3 | IAVH-583.0986 L69l | 038255 | 20/10/2017 | 20/10/2017 | V. 5 Ej. 3 | 30/07/2014 | Institucional | Libro | ||||
| Dewey Decimal Classification | Humboldt | Inventariado 2017 | Sala Fabio Quevedo | Sala Fabio Quevedo | 19/09/2014 | Instituto | 39000.00 | IAVH-583.0986 L69l | 025838 | 22/06/2015 | V. 5 Ej. 4 | 19/09/2014 | Institucional | Libro | ||||||
| Local | Botánica | Inventariado 2017 | Villa de Leyva | Villa de Leyva | 04/12/2014 | Instituto | 39000.00 | IAVH-00222 | 025837 | 04/12/2014 | V.5 Ej. 1 | 04/12/2014 | Institucional | Libro |